000 00621nam a2200217Ii 4500
001 18949
003 CO-ViMGA
008 241108s9999||||xx |||||||||||||| ||und||
020 _a9789588306087
040 _aCO-ViMGA
_bspa
_erda
_cCO-ViMGA
041 0 _aspa
082 0 4 _aR 759.9861 M22j
100 1 _aBenjamín Villegas Jiménez
_945191
245 1 0 _aJuan Cárdenas
264 1 _aBogotá, Colombia : Villegas Editores, 2007
300 _avolumen
336 _atext
_btxt
_2rdacontent
337 _aunmediated
_bn
_2rdamedia
338 _avolume
_bnc
_2rdacarrier
940 _aidficha_siabuc: 18606. -- ficha_no_siabuc:18949
999 _c39690
_d39690